00317nam a2200097Ia 4500008004100000082001300041100002600054245002200080260010000102300001700202230907s9999||||xx |||||||||||||| ||und|| a697bKAV aKavanaugh, Stephen P. 0aHVAC simplified / aAmerican Society of Heating, Refrigerating and Air-Conditioning Engineers,bAtlanta, GA :c2006 axi, 236 p. :